Principios de administracin̤ pb︢lica

Bibliographic Details
Main Author: Jean Bonnin, Charles
Format: Book
Language:Spanish
Published: Mx̌ico Charles-Jean Bonnin 2004
Subjects:
Online Access:Acceso restringido

MARC

LEADER 00000nam a22000007a 4500
005 2015101302392.0
007 cr|||| ||u|
008 151013s2004 mx |||||||||| 00||0 spa d
020 |a 978-968-16-7120-4 
035 |a 12883 
040 |a vLex 
090 |c 5599  |d 5599 
100 1 |a Jean Bonnin, Charles 
245 1 0 |a Principios de administracin̤ pb︢lica  |h [Recurso electrn̤ico] /  |c Charles-Jean Bonnin  
256 |a Servicio en ln̕ea 
260 |a Mx̌ico  |b Charles-Jean Bonnin   |c 2004 
300 |a 1 servicio electrn̤ico (348 pg̀inas). 
506 |a Contenido solo disponible en los productos indicados  |d vLex Global  |d vLex Global (Academic Edition, excluding Law Schools)  |d vLex Global (U.S. Academic Edition, Law Schools)  |d vLex Global (U.S. Academic Edition, excluding Law Schools)  |d vLex Global (Academic Edition, Law Schools) 
650 0 4 |a Administracin̤ pb︢lica  |z Mx̌ico 
740 0 |a vLex libros (servicio en ln̕ea) 
856 4 0 |u http://vlex.com/source/principios-administracion-publica-12883  |z Acceso restringido 
942 |c BOOK 
999 0 |a Public Administration